Name One Sibling Quiz Stats

Quiz Updated Oct 18, 2012

Challenge
Share
Tweet
Embed
Score 0/24 Timer 03:00
11 Plays Today
Surname Siblings % Correct
Simpson
'The Simpsons'
Bart, Lisa, Maggie
98.5%
Jackson
The Jackson 5
Jackie, Jermaine, Marlon, Michael, Tito, Randy
97.7%
Williams
Tennis Players
Serena, Venus
95.3%
Baldwin
Actors
Alec, Daniel, Stephen, William
92.4%
Gyllenhaal
Actors
Jake, Maggie
91.2%
Olsen
Actors
Ashley, Elizabeth, Mary Kate
90.6%
Osmond
The Osmonds
Alan, Donny, Jay, Jimmy, Marie, Merrill, Wayne
86%
Geller
'Friends'
Monica, Ross
83.7%
Weasley
'Harry Potter'
Bill, Charlie, Fred, George, Ginny, Percy, Ron
83.6%
Brady
'The Brady Bunch'
Bobby, Cindy, Greg, Jan, Marcia, Peter
80.8%
Griffin
'Family Guy'
Chris, Meg, Stewie
78.3%
Brontë
Novelists
Anne, Charlotte, Emily
77.5%
Surname Siblings % Correct
Marx
Actors
Chico, Groucho, Harpo, Zeppo, Gummo
75.7%
Wright
Aircraft Pioneers
Orville, Wilbur
74.2%
Darling
'Peter Pan'
John, Michael, Wendy
67.8%
Gabor
Actors
Eva, Magda, Zsa Zsa
64%
Gibb
The Bee Gees
Barry, Maurice, Robin
62.6%
March
'Little Women'
Amy, Beth, Jo, Meg
54.2%
Pevensie
'The Chronicles of Narnia'
Edmund, Lucy, Peter, Susan
49.4%
Gallagher
Oasis
Liam, Noel
48.3%
Bennet
'Pride and Prejudice'
Catherine, Elizabeth, Jane, Lydia, Mary
40.9%
Smothers
Comedians
Dick, Tommy
29.3%
Davies
The Kinks
Dave, Ray
25.3%
Kirrin
'The Famous Five'
Anne, Dick, Julian
6.4%

You're not logged in!

Compare scores with friends on all Sporcle quizzes.
Sign Up with Email
OR
Log In

You Might Also Like...

Show Comments

Extras

Top Quizzes Today


Score Distribution

Your Account Isn't Verified!

In order to create a playlist on Sporcle, you need to verify the email address you used during registration. Go to your Sporcle Settings to finish the process.